000 00472nam a22001697a 4500
999 _c5548
_d5546
005 20210909101541.0
008 170909b xxu||||| |||| 00| 0 eng d
020 _a9780994869104
041 _aeng
082 _a632.7
100 _aDAVID, B. VASANTHARAJ AND RAMAMURTHY, V.V.
_93908
245 _aELEMENTS OF ECONOMIC ENTOMOLOGY
_c B. VASANTHARAJ DAVID AND V.V. RAMAMURTHY
250 _a8th
260 _aNEW YORK
_bBRILLION PUBLICATION
300 _a398p.
942 _cBK